000 00371nam a22001337a 4500
008 230426b |||||||| |||| 00| 0 eng d
020 _a9781849016087 (pbk)
050 _aPR 6052.E19.S58
100 _aBeaton, M. C
_bauthor
245 _aThe skeleton in the closet
_b/
_c M. C. Beaton,
260 _aUSA:
_bSt Martins Press,
_c2001.
300 _aiv, 262p.:
_c17cm
942 _2lcc
999 _c298
_d298